| 000 | 02471cam a22007094i 4500 | ||
|---|---|---|---|
| 003 | PE-LiUPU | ||
| 005 | 20260504175623.0 | ||
| 008 | 150617s1971 sp r 000 0 spa d | ||
| 020 | _a8425302366 | ||
| 020 | _a9788425302367 | ||
| 035 | _a(Sirsi) i9788425302367 | ||
| 040 |
_aPE-LiUPU _bspa _cPE-LiUPU _erda |
||
| 041 | 1 |
_aspa _heng |
|
| 049 | _aPRUA | ||
| 082 | 0 | 4 |
_a158.1 _bP358h _220 |
| 100 | 1 |
_aPeale, Norman Vincent, _d1898-1993 _eautor. _98515 |
|
| 245 | 1 | 0 |
_aHacia el Exito por el Entusiasmo / _cNorman Vincent Peale; [traducido por Amparo García Burgos]. |
| 250 | _aQuinta edición. | ||
| 264 | 1 |
_aBarcelona : _bEdiciones Grijalbo, _c1971. |
|
| 300 |
_a257 páginas ; _c21 cm |
||
| 336 |
_atext _2rdacontent |
||
| 337 |
_aunmediated _2rdamedia |
||
| 338 |
_avolume _2rdacarrier |
||
| 490 | 0 |
_aObras completas de Norman Vincent Peale _v8 |
|
| 500 | _a5a. ed. 1979. | ||
| 505 | 0 | _aLo que el entusiasmo puede hacer por usted -- El entusiasmo que eleva -- La persuasión entusiasta -- Cómo el entusiasmo acaba con el temor y las preocupaciones -- Probad el entusiasmo en nuestro trabajo -- ¿Tenso?, ¿nervioso? Deje que el entusiasmo venga en su ayuda -- El entusiasmo hace milagros con los problemas -- El entusiasmo, poderosa motivación que hace que sucedan cosas -- El entusiasmo se transforma en fuerza ante las dificultades -- El contagio del entusiasmo -- El entusiasmo y nuestro futuro -- Hacia el éxito por el entusiasmo. | |
| 526 | _aSEG68 | ||
| 526 | _aSEG70 | ||
| 526 | _aSEG69 | ||
| 526 | _aSEG67 | ||
| 526 | _aSEG43 | ||
| 526 | _aP144 | ||
| 526 | _aP143 | ||
| 526 | _aP131 | ||
| 526 | _aP122 | ||
| 526 | _aP120 | ||
| 526 | _aP117 | ||
| 526 | _aP112 | ||
| 526 | _aP110 | ||
| 526 | _aP106 | ||
| 526 | _aP101 | ||
| 526 | _aP80 | ||
| 526 | _aP59 | ||
| 526 | _aP54 | ||
| 526 | _aP35 | ||
| 526 | _aP33 | ||
| 526 | _aP30 | ||
| 534 |
_aTítulo original : _tEnthusiasm makes the diference. |
||
| 650 | 1 | 4 |
_aAutoayuda _95814 |
| 650 | 2 | 4 |
_aPensamiento positivo _98517 |
| 650 | 2 | 4 |
_aDesarrollo personal _98159 |
| 650 | 2 | 4 |
_aMotivación (Psicología) _98160 |
| 650 | 2 | 4 |
_aEntusiasmo _98532 |
| 650 | 2 | 4 |
_aÉxito _xAspectos psicológicos _95209 |
| 700 | 1 |
_aGarcía Burgos, Amparo, _etraductor. |
|
| 910 | _ajck | ||
| 910 | _adbm | ||
| 942 |
_2ddc _cBK |
||
| 980 |
_818226 _gJaime Vilcazán Jefe de Análisis Documental |
||
| 999 |
_c1396 _d1396 |
||